MDQL
is popping MORE tags! Check the
thread
!
Quizzes
Events
Quiz Creation
Community
Videos
Private Events
Remove Ads
Sign In
Join for FREE
Feedback
Dark Mode
Quiz Categories
Sports
Geography
Music
Movies
Television
Just For Fun
Miscellaneous
History
Literature
Language
Science
Gaming
Entertainment
Religion
Holiday
For Kids
Quiz Lab
Recent
Popular Today
Quiz Kudos Today
Editor Picks
Curator Picks
Quizzes by...
Day
Popularity
Type
Ratings
Length
Year
Community
Subscriptions
Recent Discussions
Orange Saloon
Badges
Playlists
Quests
Create
Leaderboards
Showdown
Live 5
Trivia Bingo
Activity
Puzzle Library
Sporcle Events
Private Events
Virtual Trivia
Globe League
Become a Host
Pub Owners
SporcleCon
Opinionation
Our Games
Videos
Blog
Mobile Apps
Partnerships
Remove Ads and Go Orange
Feedback
Language
Vocabulary
Begins and Ends
Definition
Spanish
French
German
Italian
Chinese
Latin
Translation
Japanese
Language
Vocabulary
Begins and Ends
Definition
Spanish
French
German
Italian
Chinese
Latin
Translation
Japanese
Random Quiz
Search Sporcle
×
Quiz Lab
Quiz Lab
Language
Romance Languages
Type answers that appear on an image
Type answers that appear on an image
Map
Best Score? Go Orange.
Proto-Indo-European Language Tree Stats
Can you name the languages in this tree, all of which varied from Proto-Indo-European?
By
Ubbiebubbie
5m
31 Questions
989 Plays
989 Plays
989 Plays
Comments
Comments
Give Quiz Kudos
Give Quiz Kudos
-
- Ratings
hide this ad
More Info
Forced Order
Answers have to be entered in order
Answers have to be entered in order
Replay
Link that replays current quiz
Next Quiz
Link to next quiz in quiz playlist
You Got
0%
They Got
Avg Score
80%
Avg Friend Score
Upgrade to see
Score Distribution
Jump to the score distribution portion of the page
Score
0/31
Timer
05:00
0
Plays Today
% Correct
French
91.1%
Dutch
90.9%
German
90.5%
English
90.4%
Spanish
89.5%
Greek
89.1%
Romanian
88.9%
Welsh
88.3%
Frisian
88%
Italian
87.7%
Hindi
87.4%
Norwegian
87.1%
Portuguese
86.6%
Russian
86.2%
Irish
85.9%
Swedish
85.7%
% Correct
Icelandic
84.9%
Yiddish
84.9%
Scottish
84.6%
Polish
82.5%
Urdu
82.1%
Farsi
82.1%
Catalan
76.6%
Serbo-Croatian
74.9%
Manx
74.1%
Flemish
73.4%
Bengali
71.4%
Gujarati
65.1%
Afrikaans
61.6%
Kurdish
61.2%
Avestan
33.2%
Quiz Playlist
Details
Report
Send in Message
Add To Playlist
More Info:
First letters have been provided. The middle language under Balto-Slavic is hyphenated.
Map:
Type answers that appear on an image
Forced Order:
Answers have to be entered in order
Last Updated: Jul 16, 2019
Quiz Scoreboard
CHALLENGE
Sign Up to Join the Scoreboard
Show All
Scores
Hide
Comments
May contain spoilers
Recently Published
Two Season TV Shows II
by 123Four
Television
10m
Image Sorting: Flags VI
by Barbecue
Geography
2m
Find the 'City' Movie
by crazypaving
Movies
60s
More to Explore
Quiz From the Vault
Featured Blog Post
14 Easter Pick-up Lines to Find Eggs With
hide this ad
You Might Also Like...
Tags
Germanic Languages
India Languages
Language Branches
Language Families
pie
Romance Languages
tree
Today's Top Quizzes in Language
Browse Language
hide this ad
Today's Top Quizzes in Romance Languages
Browse Romance Languages
Top Contributed Quizzes in Language
1
What Word Starts All?
2
1-10 Letter F Words III
3
1-10 Letter G Words III
4
Weisst du, aus welchen Sprachen diese Wörter stammen?
5
1-10 Letter H Words III
6
Harry Potter book 6 chapters: English & Greek
7
Arabic Numerals
8
1-10 Letter I Words III
9
One Thing in Common: Italy
10
Celtic Nations in their Language
Explore More
Trending Topics
Kpop
NBA
Crossword
Marvel
Anime
Harry Potter
Disney
Puzzle
Pokémon
Country
Soccer
WWE
The Office
NFL
Song
hide this ad
More By:
Ubbiebubbie
Quiz
Plays
Rating
Category
Featured
Created
100 Number Matching Madness
546,462
3.97
Just For Fun
Dec 4, 2012
Border Hopping Bonanza
407,511
3.30
Geography
Mar 30, 2012
Languages per Continent Minefield
193,234
3.77
Language
Aug 8, 2015
Mountain Range Country Minefield Blitz
112,424
4.34
Geography
Jul 23, 2015
Asian 'L' Countries
99,184
4.53
Geography
May 6, 2013
Go to Creator's Profile
Score Distribution
Quiz Creator Spotlight
Ubbiebubbie
Follow
Send a Message
Quizzes Created
-
Created Quiz Play Count
-
More By This Creator
Popular Quizzes Today
1
Find the US States - No Outlines Minefield
2
Colored Red Africa Blitz
3
Find the 'City' Movie
4
5x2 Blitz: Bands
5
The Countries of the World
6
Find the Countries of Europe - No Outlines Minefield
7
Find the US States
8
US States
More Language Quizzes
Food Expressions
Published
Trending Quizzes
Colored Red Europe Blitz I
Colored Red Africa Blitz II
Colored Red Europe Blitz II
Colored Red Africa Blitz III
Colored Red Europe Blitz III
Recently Updated
How Do You Spell That?
pecheneg
Godzilla Movies
pecheneg
Grab Bag: 4-10 Letters
pecheneg
2024 March Madness Bracket
pecheneg
Famous TV Couples
Peacemaker
Champions League XIs: Real Madrid
pecheneg
Largest US Cities 1790-2010
pecheneg
Rides in Walt Disney World
pecheneg
Most Oscar Losses (Acting)
pecheneg
Beyoncé Albums
pecheneg
Trending Topics
Disney
Marvel
Crossword
NBA
Harry Potter
Kpop
Anime
Pokémon
WWE
The Office
NFL
Puzzle
Country
Soccer
Song
Your Account Isn't Verified!
In order to create a playlist on Sporcle, you need to verify the email address you used during registration. Go to your
Sporcle Settings
to finish the process.
Report this User
Report this user for behavior that violates our
Community Guidelines
.
Details:
Send Report
Go to the Sporcle.com Mobile Site →
Comments